| 000 | 00571cam a2200241ua 4500 | ||
|---|---|---|---|
| 020 | _c55.00 | ||
| 041 |
_aeng _h |
||
| 082 |
_a621.9 _bCHA/WO |
||
| 100 | _aChapman, W A J . | ||
| 245 |
_aWorkshop Technology / _cW A J Chapman. _hTextual Documents |
||
| 250 |
_a3 / _b. |
||
| 260 |
_a : _bEnglish Language Book Society , _c1961. |
||
| 300 | _a338 ; . | ||
| 365 | _a55.00 | ||
| 504 | _a | ||
| 942 | _cBK | ||
| 999 |
_c2801 _d2801 |
||